An Empirical Investigation on the Wealth Protection Function of Corporate Social Responsibility (CSR) (Record no. 531796)

000 -LEADER
fixed length control field 00559nam a22001577a 4500
020 ## - INTERNATIONAL STANDARD BOOK NUMBER
Qualifying information Hard Cover.
082 ## - DEWEY DECIMAL CLASSIFICATION NUMBER
Classification number 658
100 ## - MAIN ENTRY--PERSONAL NAME
Personal name Muhammad Suhail Rizwan
245 ## - TITLE STATEMENT
Title An Empirical Investigation on the Wealth Protection Function of Corporate Social Responsibility (CSR)
Statement of responsibility, etc. Muhammad Suhail Rizwan
260 ## - PUBLICATION, DISTRIBUTION, ETC.
Place of publication, distribution, etc. Islamabad :
Name of publisher, distributor, etc. NBS - NUST,
Date of publication, distribution, etc. 2017.
300 ## - PHYSICAL DESCRIPTION
Extent xi, 183 p. : ill. ;
Dimensions 30cm.
942 ## - ADDED ENTRY ELEMENTS (KOHA)
Source of classification or shelving scheme
Koha item type Thesis
650 ## - SUBJECT ADDED ENTRY--TOPICAL TERM
Topical term or geographic name entry element Ph. D Thesis Management Sciences.
700 ## - ADDED ENTRY--PERSONAL NAME
Personal name Dr. Asfia Obaid.
650 ## - SUBJECT ADDED ENTRY--TOPICAL TERM
-- 24872
700 ## - ADDED ENTRY--PERSONAL NAME
-- 17675
Holdings
Withdrawn status Lost status Source of classification or shelving scheme Damaged status Not for loan Permanent Location Current Location Shelving location Date acquired Full call number Barcode Date last seen Price effective from Koha item type
          Central Library (CL) Central Library (CL) Thesis 10/28/2019 658 CL-T-2429 10/28/2019 10/28/2019 Thesis
© 2023 Central Library, National University of Sciences and Technology. All Rights Reserved.